000 00561nam a2200193Ia 4500
005 20260114185817.0
008 008 260114s9999 xx 000 0 eng d
020 _a9781474262910
037 _aEBOOK
040 _aCRL
_beng
_cCRL
041 _aeng
_2eng
084 _qCRL
100 _aBrent Luvaas
_9874684
245 0 _aStreet Style An Ethnography of Fashion Blogging
260 _bBloomsbury
_c2016
856 _uhttps://doi.org/10.5040/9781474262910?locatt=label:secondary_bloomsburyCollections
942 _cEBOOK
999 _c1473618
_d1473618